01169nam a22002897a 4500999001700000003000900017005001700026008004100043020001800084040004300102082001700145100003600162245017700198250002000375264007100395300002800466336002600494337002800520338002700548490001200575500002300587650004500610653002400655655002400679942001200703952016400715 c28144d28115EG-ScBUE20200218120602.0200218s2018 ii f 000 0 eng d a9789386418487 aEG-ScBUEbengerdacEG-ScBUEdEG-ScBUE04a576bGUN2221 aGunasekaran, P,eauthor.91175510aLaboratory manual in microbiology /cP Gunasekaran, senior professor, Depatment of Genetics, School of Biological Sciences, Madurai Kamaraj University, Madurai, Tamil Nadu. aSecond edition. 1aNew Delhi :bNew Age International (P) Limited, Publishers,c2018. aix, 125 pages ;c24 cm. 2rdacontentatextbtxt 2rdamediaaunmediatedbn 2rdacarrieravolumebnc0 aNew age aIncludes appendix. 7aMicrobiologyvLaboratory manuals.2BuEsh bPPhrmcFebruary2020 vReading book934232 2ddccBB 00102ddc40708Academic Science HouseaMAINbMAINc1STd2020-02-18ePurchaseg300.00h993l0o576 GUNp000048745r2026-03-04 00:00:00v375.00w2020-02-18yBB